Central Library OPAC University of Rajshahi

Introduction to dislocations / (Record no. 69885)

MARC details
000 -LEADER
fixed length control field 00660cam a2200241 a 4500
001 - CONTROL NUMBER
control field 69885
003 - CONTROL NUMBER IDENTIFIER
rucl marc code BD-RjUL
005 - DATE AND TIME OF LATEST TRANSACTION
control field 20211209081933.0
008 - FIXED-LENGTH DATA ELEMENTS--GENERAL INFORMATION
fixed length control field 170415r1975 enka 001 0 eng d
020 ## - INTERNATIONAL STANDARD BOOK NUMBER
International Standard Book Number 0080181295
035 ## - SYSTEM CONTROL NUMBER
System control number (BD-RjUL)70097
040 ## - CATALOGING SOURCE
Original cataloging agency BD-RjUL
Language of cataloging eng
Transcribing agency BD-RjUL
Modifying agency BD-RjUL
041 ## - LANGUAGE CODE
Language code of text/sound track or separate title eng
082 04 - DEWEY DECIMAL CLASSIFICATION NUMBER
Edition number 23
Classification number 548.842
Author mark and year HUI 1975
100 1# - MAIN ENTRY--PERSONAL NAME
Personal name Hull, Derek.
9 (RLIN) 34694
245 10 - TITLE STATEMENT
Title Introduction to dislocations /
Statement of responsibility, etc. Derek Hull
250 ## - EDITION STATEMENT
Edition statement 2nd.ed.
260 ## - PUBLICATION, DISTRIBUTION, ETC. (IMPRINT)
Place of publication, distribution, etc. Oxford :
Name of publisher, distributor, etc. Pergamon press,
Date of publication, distribution, etc. 1975
300 ## - PHYSICAL DESCRIPTION
Pagination xi, 259 p. :
Illustrations ill. ;
Size 20cm.
504 ## - BIBLIOGRAPHY, ETC. NOTE
Bibliography, etc Includes bibliographies and index.
650 #0 - SUBJECT ADDED ENTRY--TOPICAL TERM
Topical term or geographic name as entry element Dislocations
9 (RLIN) 34059
942 ## - ADDED ENTRY ELEMENTS (KOHA)
Source of classification or shelving scheme Dewey Decimal Classification
Koha item type Books
Holdings
Lost status Source of classification or shelving scheme Damaged status Not for loan Collection code Permanent Location Current Location Shelving location Date acquired Source of acquisition Cost, normal purchase price Total Checkouts Full call number Date last seen Copy number Koha item type
  Dewey Decimal Classification   Not For Loan Non-fiction Central Library, University of Rajshahi Central Library, University of Rajshahi Reading Room 15/06/1981 Hossain & 136.00   548.842 HUI 1975 15/04/2017 C-1 Books